=LDR 00000nam 2200000 4500 =001 NUTBA000000000003626 =005 20140823111021.0 =006 =007 =008 =020 ##$$a 978-602-18854-6-8 =035 ##$$0010-081400000000471 =082 ##$$a 371.3-Irz-p =100 ##$$a Irzani =245 ##$$a Pengembangan program pembelajaran matematika =250 ##$$a Cet.1 =260 ##$$a Banjarnegara $b Sukses Mandiri Press $c 2013 =300 ##$$a viii,158 Hlm $c 21 Cm =850 ##$$a NBPNMAT =990 ##$$a 0001/BPAP-NTB/20142014 =990 ##$$a 0001/BPAP-NTB/20142014 =990 ##$$a 0001/BPAP-NTB/20142014 =990 ##$$a 0001/BPAP-NTB/20142015 =990 ##$$a 0001/BPAP-NTB/20142015 =990 ##$$a 2090100426/BPAP-NTB/2015